Statistics for The Best Receiver for Each NFL Team (2015-16)

Click here to take the quiz!

General Stats

  • This quiz has been taken 705 times
  • The average score is 21 of 32

Answer Stats

Team REC YDS TD Receiver % Correct
Falcons13618718Julio Jones
98%
Cardinals10912159Larry Fitzgerald
96%
Packers508908James Jones
94%
Steelers136183410Antonio Brown
86%
Bengals86129710A.J. Green
83%
Giants96145013Odell Beckham Jr.
83%
Broncos10513046Demaryius Thomas
81%
Texans111152111DeAndre Hopkins
78%
Lions8812149Calvin Johnson
78%
Colts6911245T.Y. Hilton
77%
Titans325494Dorial Green-Beckham
77%
Seahawks78106914Doug Baldwin
71%
Buccaneers7412063Mike Evans
71%
Patriots616927Julian Edelman
70%
Dolphins11011574Jarvis Landry
70%
Raiders7210706Amari Cooper
68%
Jets109150214Brandon Marshall
67%
Jaguars80140014Allen Robinson
65%
Bills6010479Sammy Watkins
64%
Chargers677254Keenan Allen
62%
Vikings527204Stefon Diggs
60%
Saints8411389Brandin Cooks
55%
Bears548074Alshon Jeffery
53%
Browns689665Travis Benjamin
51%
Chiefs8710888Jeremy Maclin
51%
Cowboys528403Terrance Williams
49%
Redskins727776Pierre Garcon
46%
Panthers4473910Ted Ginn Jr.
39%
Eagles859978Jordan Matthews
38%
49ers697894Anquan Boldin
33%
Rams366813Kenny Britt
29%
Ravens759445Kamar Aiken
21%

Score Distribution

Percentile by Number Answered

Percent of People with Each Score

Your Score History

You have not taken this quiz